000 00444nam a2200157 i 4500
001 78707
003 ES-MaACL
005 20230906173806.0
007 t|
008 041015s1965 xxu ||||1| eng d
100 1 _aHawthorne, Nathaniel.
_962176
245 1 4 _aThe house of the seven gables /
_cNathaniel Hawthorne.
260 _aNew York :
_bHarper and Row,
_c[1965]
300 _aXIX, 268 p. ;
_c18 cm.
852 _aES-MaACL
_jC-35387
_bR.66068
999 _c78707
_d78707